| 000 | 01469nam a2200277Ia 4500 | ||
|---|---|---|---|
| 000 | 01986naaa 00385uu | ||
| 001 | https://directory.doabooks.org/handle/20.500.12854/63651 | ||
| 005 | 20260218105527.0 | ||
| 008 | 211013s9999 xx 000 0 und d | ||
| 024 | _a10.1515/9783110655582 | ||
| 042 | _adc | ||
| 245 | 0 | _aApproaches to the Medieval Self : Representations and Conceptualizations of the Self in the Textual and Material Culture of Western Scandinavia, c. 800-1500 | |
| 260 |
_aBerlin/Boston _bDe Gruyter _c2020 |
||
| 300 | _a1 electronic resource (339 p.) | ||
| 520 | _aThe self and how it relates to its surrounding world and history is a main concern of the humanities and social sciences. This book addresses the issue by discussing various modes of studying and defining the self, based on a wide span of sources from medieval Western Scandinavia, c. 800's 2013;1500, such as archeological evidence, art and architecture, documents, literature, and runic inscriptions. | ||
| 540 | _aCreative Commons | ||
| 653 | _aMedieval Scandinavia | ||
| 700 | 1 | _aBandlien, Bjorn | |
| 700 | 1 | _aEriksen, Stefka G. | |
| 700 | 1 | _aEriksen, Stefka G. | |
| 700 | 1 | _aLangsholt Holmqvist, Karen | |
| 700 | 1 | _aLangsholt Holmqvist, Karen | |
| 856 |
_uhttps://docs.google.com/spreadsheets/d/1yKIrdCPDAG_9c22mwoOIO2DOhtj65Wqa/edit?usp=sharing&ouid=106555315294820607512&rtpof=true&sd=true _yList of Curated E-Books |
||
| 942 | _cE-BOOK | ||
| 999 |
_c89527 _d89524 |
||